Sherlock Holmes Stories - Statistics

General Stats
  • This quiz has been taken 639 times
  • The average score is 33 of 60
Answer Stats
Hint Answer % Correct
The _____ of the Baskervilles Hound
98%
A Study in ______ Scarlet
95%
The Sign of ______ Four
93%
The Adventure of the ____- Headed League Red
90%
The Adventure of the _____ Circle Red
90%
A _________ in Bohemia Scandal
87%
The Adventure of the Speckled ________ Band
81%
The Five _________ Pips Orange
79%
The Adventure of the _______ Carbuncle Blue
77%
The Adventure of the Crooked _____ Man
73%
The Adventure of the Creeping ____ Man
73%
The Valley of _____ Fear
70%
The Man with the ________ Lip Twisted
68%
The Final _________ Problem
67%
The Adventure of the Empty ________ House
66%
The Adventure of the ______ Napoleons Six
65%
________ Blaze Silver
63%
His Last _____ Bow
62%
The Adventure of the ________ Beeches Copper
62%
The Adventure of the ______ Interpreter Greek
61%
The Adventure of the _______ Students Three
60%
The Adventure of the _________ Garridebs Three
60%
The Adventure of the __________ Gables Three
60%
The Adventure of the Engineer's _____ Thumb
59%
The Boscombe _________ Mystery Valley
58%
The Adventure of the Musgrave _________ Ritual
57%
The Adventure of the __________ Men Dancing
54%
The Adventure of _________ Augustus Milverton Charles
51%
The Adventure of Wisteria __________ Lodge
51%
The Adventure of the Bruce-Partington ______ Plans
50%
The Adventure of the _________ Cyclist Solitary
50%
The Adventure of the Naval ________ Treaty
48%
The Adventure of _________ Peter Black
47%
The Adventure of the __________ Pince-Nez Golden
47%
The Adventure of the Norwood __________ Builder
46%
The Adventure of the ________ Three-Quarter Missing
46%
The Adventure of the Devil's _______ Foot
44%
The Adventure of the Lion's _______ Mane
44%
The Adventure of the __________ Detective Dying
43%
The Adventure of the Illustrious ________ Client
42%
The Adventure of the Beryl ________ Coronet
42%
The Adventure of the __________ Scott Gloria
42%
A Case of _______ Identity
42%
The Adventure of the Mazarin ________ Stone
42%
The Adventure of the _______ Face Yellow
42%
The Adventure of the Resident ________ Patient
41%
The Adventure of the Sussex _________ Vampire
41%
The Problem of Thor ___________ Bridge
40%
The Adventure of Shoscombe Old ______ Place
40%
The Adventure of the Second _________ Stain
40%
The Adventure of the __________ Grange Abbey
39%
The Adventure of the Priory ________ School
39%
The Adventure of the _______ Bachelor Noble
38%
The ____________ of Lady Frances Carfax Disappearance
37%
The Adventure of the ___________ Box Cardboard
34%
The Adventure of the Reigate __________ Squire
31%
The Adventure of the Stockbroker's _________ Clerk
30%
The Adventure of the Blanched ___________ Soldier
30%
The Adventure of the ________ Colourman Retired
28%
The Adventure of the ___________ Lodger Veiled
24%
No matching quizzes found
Score Distribution
Percent of People with Each Score
Percentile by Number Answered
Your Score History
You have not taken this quiz